000 01123 a2200241 4500
005 2008082507187.0
008 080825t xxu||||| |||| 00| 0 hin d
010 _aHIN-82993
020 _c150.00
035 _aHN-55339
037 _bपु.प्र.अ.प्र/प्रका
082 _a
100 _aदीक्षित, दामोदर दत्त
245 _aहुद्देदार /
_cदामोदर दत्त दीक्षित
246 _aHaddedar
_bby Damodar Dutt Dikshit
260 _aइलाहाबाद
_bरामेश्वर प्रकाशन
_c2006
270 _a49-बी/37, न्याय मार्ग
_bइलाहाबाद
300 _a115पृ
_c22सेमी (सजिल्द)
650 _aहिन्दी कहानियाँ
650 _aHindi Stories
942 _adpl
_cHN
_kक / दीक्षित
_2ddc
_h
_mदीक्षित
999 _c11467
_d11467